Jak Sparrow : (Record no. 602)
[ view plain ]
| 000 -CABECERA | |
|---|---|
| campo de control de longitud fija | 00757cam a22002654a 4500 |
| 003 - IDENTIFICADOR DEL NÚMERO DE CONTROL | |
| campo de control | UPN |
| 005 - FECHA Y HORA DE LA ÚLTIMA TRANSACCIÓN | |
| campo de control | 20220528063533.0 |
| 008 - ELEMENTOS DE LONGITUD FIJA--INFORMACIÓN GENERAL | |
| campo de control de longitud fija | 991125s2006 es a 000 f spa d |
| 020 ## - NÚMERO INTERNACIONAL NORMALIZADO PARA LIBROS | |
| Número Internacional Estándar del Libro | 8424115252 |
| 035 ## - NÚMERO DE CONTROL DEL SISTEMA | |
| Número de control de sistema | UPN01000000602 |
| 040 ## - FUENTE DE LA CATALOGACIÓN | |
| Centro catalogador/agencia de origen | UPN |
| Lengua de catalogación | spa |
| Centro/agencia transcriptor | UPN |
| 049 ## - COLECCIÓN | |
| Colección | I |
| 050 #4 - SIGNATURA TOPOGRÁFICA DE LA BIBLIOTECA DEL CONGRESO | |
| Número de clasificación | PZ74.9 |
| Número de documento/Ítem | K5.3 |
| 100 1# - ASIENTO PRINCIPAL--NOMBRE PERSONAL | |
| Nombre de persona | Kidd, Rob |
| 9 (RLIN) | 33268 |
| 245 10 - MENCIÓN DE TÍTULO | |
| Título | Jak Sparrow : |
| Resto del título | el canto de las sirenas / |
| Mención de responsabilidad, etc. | Rob Kidd ; tr. Silvia Bardelás. |
| 260 ## - PUBLICACIÓN, DISTRIBUCIÓN, ETC. | |
| Lugar de publicación, distribución, etc. | Madrid : |
| Nombre del editor, distribuidor, etc. | Gaviota, |
| Fecha de publicación, distribución, etc. | 2006. |
| 300 ## - DESCRIPCIÓN FÍSICA | |
| Extensión | 142 p. : |
| Otras características físicas | il. |
| 490 0# - MENCIÓN DE SERIE | |
| Mención de serie | Piratas del caribe ; |
| Designación de volumen o secuencia | 2 |
| 534 ## - NOTA SOBRE LA VERSIÓN ORIGINAL | |
| Frase introductoria | Título original: |
| Mención de título del original | The siren song |
| 650 #4 - ASIENTO SECUNDARIO DE MATERIA - TERMINO TEMATICO | |
| Término de materia o nombre geográfico como elemento de entrada | PIRATAS - |
| Subdivisión de forma | LITERATURA INFANTIL |
| 9 (RLIN) | 7727 |
| 650 #0 - ASIENTO SECUNDARIO DE MATERIA - TERMINO TEMATICO | |
| Término de materia o nombre geográfico como elemento de entrada | Historias de aventuras |
| 9 (RLIN) | 4131 |
| 650 #4 - ASIENTO SECUNDARIO DE MATERIA - TERMINO TEMATICO | |
| Término de materia o nombre geográfico como elemento de entrada | CUENTOS DE MAR |
| 9 (RLIN) | 8752 |
| 905 ## - TIPO DE MATERIAL | |
| Tipo de material | Infantil |
| 942 ## - ELEMENTOS DE PUNTO DE ACCESO ADICIONAL (KOHA) | |
| Fuente del sistema de clasificación o colocación | Library of Congress Classification |
| Tipo de ítem Koha | Libro |
| Estado de retiro | Estado de pérdida | Fuente del sistema de clasificación o colocación | Estado dañado | No para préstamo | Código de colección | Localización permanente | Ubicación/localización actual | Ubicación en estantería | Fecha de adquisición | Total de préstamos | Clasificación | Código de barras | Fecha visto por última vez | Fecha del último préstamo | Tipo de ítem Koha | Número de copia | Precio válido a partir de |
|---|---|---|---|---|---|---|---|---|---|---|---|---|---|---|---|---|---|
| Library of Congress Classification | Infantil | Bib. Gregorio Torres Quintero | Bib. Gregorio Torres Quintero | Sala infantil Planta baja | 30/03/2022 | 4 | PZ74.9 K5.3 | 256917 | 31/08/2023 | 22/08/2023 | Libro | ||||||
| Library of Congress Classification | Infantil | Bib. Gregorio Torres Quintero | Bib. Gregorio Torres Quintero | Sala infantil Planta baja | 30/03/2022 | PZ74.9 K5.3 | AP46 | 30/03/2022 | Libro | ej.2 | 30/03/2022 |
